[Event "2009 Canadian Open Chess Championship"]
[Site "Edmonton Canada"]
[EventDate "2009.07.11"]
[Date "2009.07.12"]
[Round "2"]
[White "Panjwani, Raja"]
[WhiteTitle "FM"]
[WhiteElo "2418"]
[Black "Araullo, Paolo"]
[BlackTitle "-"]
[BlackElo "2047"]
[Result "1-0"]
[Source "MonRoi"]

1. d4 Nf6 2. g3 g6 3. Bg2 d5 4. c4 c6 5. Nf3 Bg7 6. O-O O-O 7. Nbd2 Nbd7 8. Qc2 Re8 9. cxd5 cxd5 10. Nb3 Ne4 11. Bf4 e5 12. dxe5 Nxe5 13. Nxe5 Bxe5 14. Bxe4 dxe4 15. Rad1 Qf6 16. Bxe5 Qxe5 17. Rd4 e3 18. Qc5 Bh3 19. Qxe5 Rxe5 20. Rfd1 exf2 21. Kxf2 Rae8 22. R1d2 g5 23. Rd5 Bg4 24. Rxe5 Rxe5 25. Nd4 h5 26. Rc2 Re7 27. Rc5 f6 28. b4 Kf7 29. a4 Kg6 30. b5 f5 31. e3 Re4 32. Rd5 f4 33. exf4 gxf4 34. Rd6 Kf7 35. gxf4 Rxf4 36. Kg3 Re4 37. a5 Ke7 38. Rd5 Re3 39. Kf4 Ra3 40. b6 axb6 41. axb6 Ra4 42. Ke5 Rb4 43. Rd6 Rb1 44. Rh6 Re1 45. Kd5 Kd7 46. Rh7 Re7 47. Rh8 Re8 48. Rxe8 Kxe8 49. Kd6 Kd8 50. h4 Kc8 51. Ne6 Be2 52. Ke7 Bg4 53. Nd8 Be2 54. Nf7 Bg4 55. Nd6 Kb8 56. Kf6 Be2 57. Kg5 Bf3 58. Ne8 Kc8 59. Nf6 Bd1 60. Nxh5 Kd7 61. Nf6 Kc6 62. Ng4 Kxb6 63. h5 Kc5 64. h6 Bc2 65. Ne5 Bh7 66. Kf6 b5 67. Kg7 Be4 68. Ng6 Bxg6 69. Kxg6 Kc4 70. h7 Kb3 71. h8Q b4 72. Qa1 Kc2 73. Qa2  1-0

[Event "2009 Canadian Open Chess Championship"]
[Site "Edmonton Canada"]
[EventDate "2009.07.11"]
[Date "2009.07.12"]
[Round "2"]
[White "White, Chris"]
[WhiteTitle "-"]
[WhiteElo "1766"]
[Black "Hughey, Micah"]
[BlackTitle "-"]
[BlackElo "2217"]
[Result "0-1"]
[Source "MonRoi"]

1. d4 d5 2. Nf3 c5 3. e3 Nf6 4. c4 e6 5. Be2 Nc6 6. O-O Be7 7. Nc3 dxc4 8. Bxc4 O-O 9. dxc5 Bxc5 10. a3 -? 11. b4 Be7 12. Bb2 b5 13. Bb3 Qb6 14. Rc1 a5 15. bxa5 Nxa5 16. Nd4 Nc4 17. Bxc4 bxc4 18. Ndb5 Bb7 19. Qd4 Qc6 20. f3 Bc5 21. Qf4 e5 22. Qxe5 Rfe8 23. Qxe8 Rxe8 24. Nd4 Bxd4 25. exd4 Qb6 26. Na4 Qb3  0-1